1299 1210 1274 1143 1945 1242 1523 1417 1092 1652 1182 1754 1935 1716 1633 1011 1734 1856 1211 1441 1493 1624 1305 1106 1057 1108 1083 1149 1119 1179 1325 1684 1412 1066 1538 1780 1190 1046 1445 1894 1911 1744 1864 1011 1758 1735 1382 1140 1958 1418 1714 1526 1602 1400 1725 1551 1295 1629 1186 1142 1832 1026 1296 1006 1373 1750 1622 1992 1849 1271 1684 1209 1116 1137 1479 1247 1156 1523 1441 1707 1955 1902 1732 1801 1283 1154 1894 1947 1201 1313 1363 1991 1835 1973 1042 1089 1134 1573 1884 BCNSPRNW ULIB Ver.6.0+V

เปลี่ยนเป็นภาษาไทย

Change to English
 แสดงรายละเอียดบรรณานุกรม
  กลับหน้าหลัก

Brief Record : Get Marc (ISO 2709) : E-mail record : QR code < ปิดหน้าต่าง
LEADER : 00000nam 2200000uu 4500
001    13399128391
003     ULIB
008    230726s2565||||th 000 0 tha d
020    ^a9786165888844
060 04 ^aWP145^bม269
245 00 ^aมะเร็งนรีเวชที่ถ่ายทอดทางพันธุกรรม =^bHereditary Gynecologic Cancer /^cธาริณี แม่นชนะ, บรรณาธิการ
246 31 ^aHereditary Gynecologic Cancer
250    ^aพิมพ์ครั้งที่ 1
260    ^aกรุงเทพฯ :^bเอส.ออฟเซ็ท กราฟฟิคดีไซน์,^c2565
300    ^a202 หน้า :^bภาพประกอบ ;^c26 ซม.
500    ^aดัชนี
650  4 ^aมะเร็ง
650  4 ^aนรีเวชวิทยา
700 0  ^aธาริณี แม่นชนะ,^eบรรณาธิการ
945    ^p298^l0^i009929
945    ^p298^l0^i009930
945    ^p298^l0^i009931
945    ^p298^l0^i009932
945    ^p298^l0^i009933
945    ^p298^l0^i009934
945    ^p298^l0^i009935
999    ^aประนอม เกษจรัล
รายการนี้ยังไม่มีแท็ก
คุณยังไม่ได้ล็อกอิน คุณสามารถมีกิจกรรมร่วมกับเว็บไซต์ได้ แต่ต้องล็อกอินก่อน ::
  ล็อกอิน

รายการสื่อสารสนเทศ

ลำดับที่ ประเภท เลขเรียก/บาร์โค้ด สถานที่ สถานะ
1. วิทยาศาสตร์การแพทย์ และสุขภาพ
หนังสือสำรอง
สถานะ=หนังสือสำรอง
WP145 ม269 ฉ.1 
  Barcode: 009929
ห้องสมุดวิทยาเขตสวรรค์ประชารักษ์
►หนังสือทั่วไป
บนชั้น
2. วิทยาศาสตร์การแพทย์ และสุขภาพ
วิทยาศาสตร์การแพทย์ และสุขภาพ
WP145 ม269 ฉ.2 
  Barcode: 009930
ห้องสมุดวิทยาเขตสวรรค์ประชารักษ์
►หนังสือทั่วไป
บนชั้น
3. วิทยาศาสตร์การแพทย์ และสุขภาพ
วิทยาศาสตร์การแพทย์ และสุขภาพ
WP145 ม269 ฉ.3 
  Barcode: 009931
ห้องสมุดวิทยาเขตสวรรค์ประชารักษ์
►หนังสือทั่วไป
บนชั้น
4. วิทยาศาสตร์การแพทย์ และสุขภาพ
วิทยาศาสตร์การแพทย์ และสุขภาพ
WP145 ม269 ฉ.4 
  Barcode: 009932
ห้องสมุดวิทยาเขตสวรรค์ประชารักษ์
►หนังสือทั่วไป
บนชั้น
5. วิทยาศาสตร์การแพทย์ และสุขภาพ
วิทยาศาสตร์การแพทย์ และสุขภาพ
WP145 ม269 ฉ.5 
  Barcode: 009933
ห้องสมุดวิทยาเขตสวรรค์ประชารักษ์
►หนังสือทั่วไป
บนชั้น
6. วิทยาศาสตร์การแพทย์ และสุขภาพ
วิทยาศาสตร์การแพทย์ และสุขภาพ
WP145 ม269 ฉ.6 
  Barcode: 009934
ห้องสมุดวิทยาเขตสวรรค์ประชารักษ์
►หนังสือทั่วไป
บนชั้น
7. วิทยาศาสตร์การแพทย์ และสุขภาพ
วิทยาศาสตร์การแพทย์ และสุขภาพ
WP145 ม269 ฉ.7 
  Barcode: 009935
ห้องสมุดวิทยาเขตสวรรค์ประชารักษ์
►หนังสือทั่วไป
บนชั้น

รายการใกล้เคียง
    หัวเรื่อง [มะเร็ง]
    หัวเรื่อง [นรีเวชวิทยา]

BibComment


ยังไม่เคยถูกคอมเมนท์

คอมเมนท์ทรัพยากรรายการนี้
  คอมเมนท์: มะเร็งนรีเวชที่ถ..


 Copyright 2026. Bcnsprnw @Library